| 000 | 00664 a2200253 4500 | ||
|---|---|---|---|
| 001 | 106851 | ||
| 020 | _a9788587914026 | ||
| 041 | _apor | ||
| 082 | _aP Year 5 028 | ||
| 100 | _aVillas Boas, Marion. | ||
| 250 | _a3. ed. | ||
| 300 | _a63 p. | ||
| 521 | _aYear 5 | ||
| 697 | _aFolclore | ||
| 697 | _aLiteratura infantil | ||
| 697 | _aEducação ambiental - - Literatura infanto-juvenil. | ||
| 697 | _aLiteratura infantojuvenil | ||
| 856 | _u000010/000010a6.jpg | ||
| 040 |
_aBR-BrIDEA _cBR-BrIDEA |
||
| 090 |
_aP Year 5 028 _bVIL |
||
| 245 | 1 | 0 |
_aMistérios da Pindorama _c Marion Villas Boas |
| 260 |
_aRio de Janeiro _bBiruta _c2005 |
||
| 942 | _cBK | ||
| 999 |
_c106851 _d106851 |
||